000 00382cam a22001217a 4500
008 180718b1966 xxu||||| |||| 00| 0 eng d
082 _aA81x54 In2/61/1/Pt2B/2
100 _aCensus of India 1961
245 _aIndia: general economic tables
260 _aDelhi
_bThe Manager of Publications
_c1966
300 _a690+p.
440 _aCensus of India 1961. Volume I, India. Part II-B (ii)
999 _c483986
_d483986